LEADER 01098nam a2200229 i 4500 001 000000192483 003 CaOOAMICUS 005 20100920000000.0 008 100920s1923 it u000 u ita u 013 $a171062 040 $aSeMil$bita 100 1 $aLazzeri, Zeffirino.$0(OLS)http://semarc/name/62698 245 13$aLa leggenda dei tre compagni :$btesto senese inedito del 15. secolo /$cAppendice e discussione critica del P. Z. Lazzeri O. F. M ; Illustrazioni di Alaide Vanzetti. 260 $aFirenze :$bGiulio Giannini & Figlio,$ccopyr. 1923. 300 $aIX, 168 p. :$bill. ;$c19 cm. 500 $aContiene : Appendice. 600 04$aFrancesco : d'Assisi .$0(OLS)http://semarc/subject/1416 700 1 $aVanzetti, Alaide.$0(OLS)http://semarc/name/62699 850 $aSeMil 852 $aSeMil$W1$xVenegono$y1$m3J II 69$j143058$B143058$CSeMilBibl$Z2$F154427 $81 996 $6245$aLa leggenda dei tre compagni :$btesto senese inedito del 15. secolo$9(OLS)http://semarc/title/277415 996 $6260$aFirenze :$bGiulio Giannini & Figlio$9(OLS)http://semarc/publisher/33916 LEADER 01297nam a2200253 i 4500 001 000000124626 003 CaOOAMICUS 005 20040511000000.0 008 040511s1970 it u000 u mul u 013 $a97323 040 $aSeMil$bita 100 1 $aSangiorgi, Fert.$0(OLS)http://semarc/name/51778 245 10$aBramante "hastrubaldino" :$bdocumenti per una biografia bramantesca /$cFert Sangiorgi ; a cura del Comitato Nazionale per le Celebrazioni Bramantesche, sotto l'alto patronato del Presidente della Repubblica. 260 $aUrbino :$bFermignano,$c1970. 300 $aXIX, 162 p., [10] c. di tav. :$bill. ;$c24 cm. 500 $aContiene : Nota bibliografica. - Fondo Card. C.M. Martini. 600 14$aBramante, Donato <1444-1514>.$0(OLS)http://semarc/subject/5857 700 1 $aComitato Nazionale per le Celebrazioni Bramantesche, sotto l'alto patronato del Presidente della Repubblica.$0(OLS)http://semarc/name/51779 850 $aSeMil 852 $aSeMil$W1$xVenegono$y1$m5J VI 96$j79168$B79168$CSeMilBibl$Z2$F82783 $81 941 1 $a4 961 $aOmaggio: Martini Card. Carlo Maria 996 $6245$aBramante "hastrubaldino" :$bdocumenti per una biografia bramantesca$9(OLS)http://semarc/title/183406 996 $6260$aUrbino :$bFermignano$9(OLS)http://semarc/publisher/46364